| 000 | 00608nam a2200205Ia 4500 | ||
|---|---|---|---|
| 008 | 191130s2007##################000#0#eng## | ||
| 020 | _a9781591025191 | ||
| 022 | _a2007008367 | ||
| 040 |
_aACL _cACL |
||
| 082 | _a323.44209 BUR | ||
| 100 | _aBury, J. B | ||
| 245 |
_aFreedom of thought : a history _cJ.B. Bury |
||
| 260 |
_aAmherst, NY _bPrometheus Books _cc2007 |
||
| 300 | _a199 p. ; 21 cm | ||
| 500 | _aIncludes bibliographical references (p. 191-193) and index | ||
| 650 | _aThought and thinking - History | ||
| 990 | _a32c01dc6ac10000c41256e0719b77411 | ||
| 991 | _a150831 | ||
| 999 |
_c188358 _d188358 |
||